[Event "Reykjavik op"]
[Site "Reykjavik"]
[Date "2018.03.10"]
[Round "9"]
[White "Kamsky, Gata"]
[Black "Bick, Gabriel J"]
[Result "1-0"]
[WhiteElo "2677"]
[BlackElo "2416"]
[PlyCount "125"]
[EventDate "2018.03.06"]
[EventType "swiss"]
[EventRounds "9"]
[EventCountry "ISL"]
[SourceTitle "CBM 183 Extra"]
[Source "ChessBase"]
[SourceDate "2018.04.19"]
[SourceVersion "1"]
[SourceVersionDate "2018.04.19"]
[SourceQuality "1"]

1. d4 Nf6 2. Bg5 c5 3. d5 Ne4 4. h4 g6 5. Nd2 Nxg5 6. hxg5 d6 7. e3 Bg7 8. c3
Nd7 9. Ngf3 Ne5 10. Nxe5 Bxe5 11. a4 Bd7 12. Bb5 Bg7 13. Nc4 h6 14. gxh6 Rxh6
15. Rxh6 Bxh6 16. Qg4 Rb8 17. Ke2 a6 18. Bxd7+ Qxd7 19. Qh4 Bg7 20. Nb6 Qf5 21.
e4 Qe5 22. Qg4 Rd8 23. Rh1 e6 24. Kf1 Kf8 25. Rh3 Kg8 26. a5 exd5 27. exd5 Bf6
28. Re3 Qg5 29. Qxg5 Bxg5 30. Re4 Bf6 31. Nc4 Kg7 32. g3 Kf8 33. Ke2 Kg7 34. f4
Kf8 35. Kf3 Kg7 36. Ke2 Kf8 37. Kd3 Kg7 38. Re1 Kf8 39. Re4 Kg7 40. b4 cxb4 41.
cxb4 Kf8 42. Nb6 Be7 43. Rc4 Ke8 44. Rc7 Rb8 45. Rc1 Bf6 46. Rc2 Be7 47. g4 Kd8
48. g5 Bf8 49. Ke4 Bg7 50. f5 gxf5+ 51. Kxf5 Be5 52. Rc4 Ba1 53. g6 fxg6+ 54.
Kxg6 Ke7 55. Rc7+ Kd8 56. Rd7+ Ke8 57. Rh7 Kd8 58. Kf7 Bc3 59. Rh4 Be1 60. Rc4
Bg3 61. Ke6 Bh2 62. Rg4 Be5 63. Nd7 1-0

[Event "RUS-chT"]
[Site "Sochi"]
[Date "2018.05.01"]
[Round "1.2"]
[White "Esipenko, Andrey"]
[Black "Kamsky, Gata"]
[Result "1/2-1/2"]
[WhiteElo "2587"]
[BlackElo "2670"]
[PlyCount "86"]
[EventDate "2018.05.01"]
[EventType "team-tourn"]
[EventRounds "9"]
[EventCountry "RUS"]
[SourceTitle "CBM 184 Extra"]
[Source "ChessBase"]
[SourceDate "2018.06.28"]
[SourceVersion "1"]
[SourceVersionDate "2018.06.28"]
[SourceQuality "1"]
[WhiteTeam "Moscow Region"]
[BlackTeam "Tatarstan Rook"]
[WhiteTeamCountry "RUS"]
[BlackTeamCountry "RUS"]

1. d4 Nf6 2. c4 e6 3. Nf3 b6 4. g3 Bb4+ 5. Bd2 Bxd2+ 6. Qxd2 Bb7 7. Bg2 O-O 8.
O-O c5 9. dxc5 bxc5 10. Nc3 Qe7 11. Rfd1 Rd8 12. Qd6 Kf8 13. Qf4 Nc6 14. Ne5
Nxe5 15. Bxb7 Rab8 16. Bg2 d6 17. b3 a6 18. h3 h6 19. Rd2 Qc7 20. Rad1 Rd7 21.
g4 Rbd8 22. e3 Ng6 23. Qg3 Ne7 24. Ne2 Qb6 25. Rd3 Ng6 26. Nc3 Ne7 27. h4 h5
28. g5 Nf5 29. Qf4 Ng4 30. Be4 Ne7 31. R3d2 g6 32. Bf3 Ne5 33. Be2 Nf5 34. Ne4
Ke7 35. f3 Ra7 36. Kf2 a5 37. Nc3 Rad7 38. Bf1 Qb4 39. Rc2 Qb7 40. Bg2 Qb8 41.
Bh3 Qb4 42. Bf1 Rb8 43. Na4 Rbd8 1/2-1/2

[Event "RUS-chT"]
[Site "Sochi"]
[Date "2018.05.02"]
[Round "2.2"]
[White "Kamsky, Gata"]
[Black "Bocharov, Dmitry"]
[Result "1-0"]
[WhiteElo "2670"]
[BlackElo "2594"]
[PlyCount "67"]
[EventDate "2018.05.01"]
[EventType "team-tourn"]
[EventRounds "9"]
[EventCountry "RUS"]
[SourceTitle "CBM 184 Extra"]
[Source "ChessBase"]
[SourceDate "2018.06.28"]
[SourceVersion "1"]
[SourceVersionDate "2018.06.28"]
[SourceQuality "1"]
[WhiteTeam "Tatarstan Rook"]
[BlackTeam "Novosibirsk Siberia"]
[WhiteTeamCountry "RUS"]
[BlackTeamCountry "RUS"]

1. d4 Nf6 2. Nf3 d5 3. c4 e6 4. g3 Bb4+ 5. Bd2 Be7 6. Bg2 O-O 7. O-O Nbd7 8.
Qc2 Ne4 9. Rd1 c6 10. Be1 f5 11. Nfd2 Bf6 12. e3 Qe7 13. f3 Nd6 14. Bf2 Kh8 15.
Nc3 Nxc4 16. Nxc4 dxc4 17. f4 Nb6 18. e4 Qf7 19. a4 Bd7 20. a5 Nc8 21. exf5
exf5 22. d5 Ne7 23. d6 Ng8 24. Qd2 Bxc3 25. Qxc3 Nf6 26. Re1 Be6 27. a6 bxa6
28. Rxa6 Bd5 29. Re7 Qh5 30. Bd4 Rf7 31. Bxf6 gxf6 32. Bxd5 cxd5 33. Qd4 Kg8
34. Qxd5 1-0

[Event "RUS-chT"]
[Site "Sochi"]
[Date "2018.05.03"]
[Round "3.2"]
[White "Bezgodov, Alexei"]
[Black "Kamsky, Gata"]
[Result "0-1"]
[WhiteElo "2460"]
[BlackElo "2670"]
[PlyCount "76"]
[EventDate "2018.05.01"]
[EventType "team-tourn"]
[EventRounds "9"]
[EventCountry "RUS"]
[SourceTitle "CBM 184 Extra"]
[Source "ChessBase"]
[SourceDate "2018.06.28"]
[SourceVersion "1"]
[SourceVersionDate "2018.06.28"]
[SourceQuality "1"]
[WhiteTeam "Chelyabinsk Yuzhny Ural"]
[BlackTeam "Tatarstan Rook"]
[WhiteTeamCountry "RUS"]
[BlackTeamCountry "RUS"]

1. e4 c5 2. Nf3 Nc6 3. d4 cxd4 4. Nxd4 Qb6 5. Nb3 Nf6 6. Nc3 e6 7. Qe2 Bb4 8.
Bd2 O-O 9. a3 Be7 10. Be3 Qc7 11. f4 d5 12. e5 Nd7 13. Nb5 Qb8 14. c4 dxc4 15.
Qxc4 a6 16. Nc3 f6 17. O-O-O Kh8 18. g3 fxe5 19. Bg2 exf4 20. Bxf4 e5 21. Be3
Nf6 22. Rhf1 e4 23. Bf4 Qa7 24. Rde1 Bd7 25. Kb1 b5 26. Qe2 b4 27. Nxe4 bxa3
28. Be3 Qb8 29. Nec5 Bg4 30. Qd2 Rd8 31. Qc3 Nd5 32. Bxd5 Rxd5 33. Na4 Qb5 34.
Rf7 Bf5+ 35. Ka1 Re5 36. Nb6 Rd8 37. Rc1 Be6 38. Rxe7 Nxe7 0-1

[Event "RUS-chT"]
[Site "Sochi"]
[Date "2018.05.04"]
[Round "4.2"]
[White "Kamsky, Gata"]
[Black "Lobanov, Sergei"]
[Result "1-0"]
[WhiteElo "2670"]
[BlackElo "2515"]
[PlyCount "103"]
[EventDate "2018.05.01"]
[EventType "team-tourn"]
[EventRounds "9"]
[EventCountry "RUS"]
[SourceTitle "CBM 184 Extra"]
[Source "ChessBase"]
[SourceDate "2018.06.28"]
[SourceVersion "1"]
[SourceVersionDate "2018.06.28"]
[SourceQuality "1"]
[WhiteTeam "Tatarstan Rook"]
[BlackTeam "St Petersburg SHSH"]
[WhiteTeamCountry "RUS"]
[BlackTeamCountry "RUS"]

1. Nf3 d5 2. g3 Nf6 3. Bg2 c6 4. d3 Bg4 5. Nbd2 Nbd7 6. h3 Bh5 7. c4 e6 8. g4
Bg6 9. Nh4 Bd6 10. a3 a5 11. b3 Qe7 12. Nxg6 hxg6 13. Bb2 b5 14. cxb5 cxb5 15.
Nf3 e5 16. g5 Nh5 17. e3 O-O 18. O-O Rac8 19. b4 axb4 20. axb4 Nb6 21. Ra6 Na4
22. Ba1 Nc3 23. Qb3 Ne2+ 24. Kh1 e4 25. dxe4 dxe4 26. Nd2 Bb8 27. Rb6 Qc7 28.
Rxb8 Rxb8 29. Nxe4 Qc4 30. Nd2 Qxb3 31. Nxb3 Rbc8 32. Nc5 Rfd8 33. Re1 Rd2 34.
Bf3 Neg3+ 35. fxg3 Nxg3+ 36. Kg1 Rcd8 37. e4 Rc2 38. Be5 Nh5 39. Be2 f6 40.
gxf6 gxf6 41. Bc7 Rd4 42. Bd1 Rb2 43. Bxh5 gxh5 44. e5 Kf7 45. e6+ Ke7 46. Nb7
Rbd2 47. Bb6 R4d3 48. Be3 Ra2 49. Bc5+ Ke8 50. Nd6+ Kd8 51. e7+ Kc7 52. Nf5 1-0

[Event "RUS-chT"]
[Site "Sochi"]
[Date "2018.05.05"]
[Round "5.2"]
[White "Vitiugov, Nikita"]
[Black "Kamsky, Gata"]
[Result "1/2-1/2"]
[WhiteElo "2740"]
[BlackElo "2670"]
[PlyCount "96"]
[EventDate "2018.05.01"]
[EventType "team-tourn"]
[EventRounds "9"]
[EventCountry "RUS"]
[SourceTitle "CBM 184 Extra"]
[Source "ChessBase"]
[SourceDate "2018.06.28"]
[SourceVersion "1"]
[SourceVersionDate "2018.06.28"]
[SourceQuality "1"]
[WhiteTeam "St Petersburg Bronze Horseman"]
[BlackTeam "Tatarstan Rook"]
[WhiteTeamCountry "RUS"]
[BlackTeamCountry "RUS"]

1. e4 c5 2. Nf3 d6 3. d4 cxd4 4. Nxd4 Nf6 5. Nc3 a6 6. Qd3 Nbd7 7. Be2 g6 8.
Bg5 Bg7 9. O-O-O h6 10. Bh4 O-O 11. f4 e5 12. Nb3 exf4 13. Qxd6 Qe8 14. Rhe1
Qe5 15. Bf2 Qxd6 16. Rxd6 Re8 17. Bf3 g5 18. Bd4 Ne5 19. Nc5 Bg4 20. Bxe5 Rxe5
21. Nd3 Re6 22. Rxe6 Bxe6 23. e5 Ng4 24. h3 Ne3 25. g3 Bc4 26. gxf4 gxf4 27.
Nxf4 Bxe5 28. Nfd5 Nxd5 29. Nxd5 Bxd5 30. Bxd5 Re8 31. Rg1+ Kf8 32. Bxb7 Bxb2+
33. Kxb2 Rb8 34. c4 Rxb7+ 35. Kc3 Ke7 36. Rd1 f5 37. c5 Rb5 38. Kc4 Rb2 39. a4
Rc2+ 40. Kd5 Kd7 41. Rg1 Rd2+ 42. Ke5 Kc6 43. Rg6+ Kxc5 44. Rxa6 Rd5+ 45. Kf4
Rd4+ 46. Kg3 h5 47. Ra5+ Kd6 48. Rxf5 h4+ 1/2-1/2

[Event "RUS-chT"]
[Site "Sochi"]
[Date "2018.05.07"]
[Round "6.2"]
[White "Palachev, Petr"]
[Black "Kamsky, Gata"]
[Result "1/2-1/2"]
[WhiteElo "2402"]
[BlackElo "2670"]
[PlyCount "99"]
[EventDate "2018.05.01"]
[EventType "team-tourn"]
[EventRounds "9"]
[EventCountry "RUS"]
[SourceTitle "CBM 184 Extra"]
[Source "ChessBase"]
[SourceDate "2018.06.28"]
[SourceVersion "1"]
[SourceVersionDate "2018.06.28"]
[SourceQuality "1"]
[WhiteTeam "Samara Zhiguli"]
[BlackTeam "Tatarstan Rook"]
[WhiteTeamCountry "RUS"]
[BlackTeamCountry "RUS"]

1. d4 f5 2. c4 e6 3. g3 Nf6 4. Bg2 d5 5. Nh3 c6 6. Qc2 Bd6 7. Bf4 O-O 8. O-O
Be7 9. Nd2 Nh5 10. Be5 Nd7 11. f4 Nhf6 12. Bxf6 Nxf6 13. Nf2 b6 14. cxd5 cxd5
15. Rfc1 Bd7 16. Nf3 Rc8 17. Qd1 Bd6 18. Ne5 Qe7 19. e3 Bxe5 20. dxe5 Ne4 21.
Nxe4 fxe4 22. Rxc8 Rxc8 23. Rc1 Rxc1 24. Qxc1 Qc5 25. Qc3 Bb5 26. Kf2 Bd3 27.
Bf1 Bxf1 28. Kxf1 Kf7 29. Ke1 h5 30. h3 Ke7 31. Kd2 Kd7 32. a4 a5 33. g4 g6 34.
Kc2 hxg4 35. hxg4 Qe7 36. Qb3 Kc7 37. Qc3+ Kb7 38. g5 Qd7 39. b3 Qh7 40. Kb2
Qh2+ 41. Qc2 Qg3 42. Qe2 Kc7 43. Qc2+ Kd7 44. Qe2 Kd8 45. Qd2 Qf3 46. b4 axb4
47. Qxb4 Qe2+ 48. Kb1 Qd3+ 49. Kb2 Qe2+ 50. Kb1 1/2-1/2

[Event "RUS-chT"]
[Site "Sochi"]
[Date "2018.05.08"]
[Round "7.2"]
[White "Kamsky, Gata"]
[Black "Shirov, Alexei"]
[Result "1/2-1/2"]
[WhiteElo "2670"]
[BlackElo "2652"]
[PlyCount "151"]
[EventDate "2018.05.01"]
[EventType "team-tourn"]
[EventRounds "9"]
[EventCountry "RUS"]
[SourceTitle "CBM 184 Extra"]
[Source "ChessBase"]
[SourceDate "2018.06.28"]
[SourceVersion "1"]
[SourceVersionDate "2018.06.28"]
[SourceQuality "1"]
[WhiteTeam "Tatarstan Rook"]
[BlackTeam "Sverdlovskaya Sima Land"]
[WhiteTeamCountry "RUS"]
[BlackTeamCountry "RUS"]

1. e4 e5 2. Nf3 Nc6 3. Nc3 Nf6 4. g3 Bc5 5. Bg2 d6 6. d3 a6 7. O-O h6 8. h3 Be6
9. Kh2 d5 10. exd5 Nxd5 11. Nxe5 Nxe5 12. d4 Nxc3 13. bxc3 Qf6 14. dxc5 Rd8 15.
Qh5 g6 16. Qh4 Nf3+ 17. Bxf3 Qxf3 18. Qf4 Qxf4 19. Bxf4 Kd7 20. Be5 Rhe8 21.
Bf6 Rb8 22. Rfe1 Kc6 23. Bd4 h5 24. Re3 Bd5 25. a3 Rxe3 26. Bxe3 Bf3 27. g4
hxg4 28. Kg3 f5 29. hxg4 fxg4 30. Rb1 a5 31. c4 Rf8 32. Re1 Rd8 33. Bf4 Rh8 34.
Be3 Rh5 35. Kf4 Rf5+ 36. Kg3 Rh5 37. Kf4 Rf5+ 38. Kg3 Re5 39. Rb1 Rh5 40. Kf4
Rf5+ 41. Kg3 Be2 42. Re1 Rf3+ 43. Kh4 Rh3+ 44. Kg5 Bxc4 45. Kxg4 Be6+ 46. Kg5
Bf5 47. c4 Rh5+ 48. Kf6 Rh4 49. Rc1 a4 50. Kg5 Rg4+ 51. Kf6 Bd3 52. Rd1 Bxc4
53. Rd4 Rxd4 54. Bxd4 Kd5 55. Be3 Bd3 56. Bf4 c6 57. Be3 Bf5 58. f3 Bd3 59. Bf2
Be2 60. Kxg6 Kc4 61. f4 Kb3 62. f5 Bd3 63. Kf6 Kxa3 64. Ke5 Kb3 65. f6 Bg6 66.
Kd6 Kc4 67. Bg3 a3 68. Be5 Bf7 69. Ba1 Kb5 70. Bd4 Bg8 71. Ba1 b6 72. cxb6 Kxb6
73. Ke5 Kc5 74. Ke4 Kc4 75. Ke3 Kb3 76. Kd4 1/2-1/2

[Event "RUS-chT"]
[Site "Sochi"]
[Date "2018.05.09"]
[Round "8.2"]
[White "Inarkiev, Ernesto"]
[Black "Kamsky, Gata"]
[Result "1/2-1/2"]
[WhiteElo "2686"]
[BlackElo "2670"]
[PlyCount "48"]
[EventDate "2018.05.01"]
[EventType "team-tourn"]
[EventRounds "9"]
[EventCountry "RUS"]
[SourceTitle "CBM 184 Extra"]
[Source "ChessBase"]
[SourceDate "2018.06.28"]
[SourceVersion "1"]
[SourceVersionDate "2018.06.28"]
[SourceQuality "1"]
[WhiteTeam "Moscow Legacy Square"]
[BlackTeam "Tatarstan Rook"]
[WhiteTeamCountry "RUS"]
[BlackTeamCountry "RUS"]

1. d4 Nf6 2. c4 e6 3. Nf3 b6 4. g3 Bb7 5. Bg2 Bb4+ 6. Bd2 Bxd2+ 7. Qxd2 O-O 8.
O-O d6 9. Qc2 c5 10. Rd1 Qe7 11. Nc3 Nc6 12. e3 cxd4 13. Nxd4 Rac8 14. Nxc6
Bxc6 15. e4 Rfd8 16. Qd3 Qc7 17. Rd2 Be8 18. Rad1 Ng4 19. Qe2 Ne5 20. Bf1 Qc5
21. Rd4 Nc6 22. R4d2 Ne5 23. Rd4 Nc6 24. R4d2 Ne5 1/2-1/2

[Event "RUS-chT"]
[Site "Sochi"]
[Date "2018.05.10"]
[Round "9.2"]
[White "Kamsky, Gata"]
[Black "Paravyan, David"]
[Result "1/2-1/2"]
[WhiteElo "2670"]
[BlackElo "2620"]
[PlyCount "80"]
[EventDate "2018.05.01"]
[EventType "team-tourn"]
[EventRounds "9"]
[EventCountry "RUS"]
[SourceTitle "CBM 184 Extra"]
[Source "ChessBase"]
[SourceDate "2018.06.28"]
[SourceVersion "1"]
[SourceVersionDate "2018.06.28"]
[SourceQuality "1"]
[WhiteTeam "Tatarstan Rook"]
[BlackTeam "Tyumen Molodezhka"]
[WhiteTeamCountry "RUS"]
[BlackTeamCountry "RUS"]

1. e4 c5 2. c3 Nf6 3. e5 Nd5 4. Nf3 Nc6 5. d4 cxd4 6. Bc4 Nb6 7. Bb3 d5 8. exd6
Qxd6 9. Na3 a6 10. O-O Bf5 11. Nxd4 Nxd4 12. cxd4 g6 13. Re1 Bg7 14. Bg5 Bf6
15. Bxf6 Qxf6 16. Qf3 O-O 17. Qxb7 Qxd4 18. Qxe7 Qxb2 19. h3 a5 20. Rad1 a4 21.
Nc4 Nxc4 22. Bxc4 Rac8 23. Bd5 Kg7 24. Re2 Qf6 25. g4 Bc2 26. Qxf6+ Kxf6 27.
Rdd2 Rfd8 28. Rxc2 Rxc2 29. Rxc2 Rxd5 30. Rc4 Rd3 31. Rxa4 Rxh3 32. Kg2 Rc3 33.
Ra5 g5 34. a4 Ra3 35. f3 Kg6 36. Ra8 h5 37. Ra6+ f6 38. gxh5+ Kxh5 39. Rxf6
Rxa4 40. Kg3 Ra3 1/2-1/2

[Event "St Petersburg Korchnoi Memorial op"]
[Site "St Petersburg"]
[Date "2018.08.16"]
[Round "2"]
[White "Evdokimov, Alexey2"]
[Black "Kamsky, Gata"]
[Result "1/2-1/2"]
[WhiteElo "2288"]
[BlackElo "2675"]
[PlyCount "107"]
[EventDate "2018.08.15"]
[EventType "swiss"]
[EventRounds "9"]
[EventCountry "RUS"]
[SourceTitle "CBM 186 Extra"]
[Source "ChessBase"]
[SourceDate "2018.08.24"]
[SourceVersion "1"]
[SourceVersionDate "2018.08.24"]
[SourceQuality "1"]

1. Nf3 Nf6 2. g3 d5 3. Bg2 c6 4. O-O Bf5 5. d3 h6 6. Nbd2 e6 7. Qe1 Be7 8. e4
Bh7 9. Ne5 O-O 10. Qe2 a5 11. Re1 Na6 12. Ng4 Kh8 13. Nxf6 Bxf6 14. Nf1 a4 15.
a3 Nc5 16. e5 Be7 17. f4 b5 18. g4 Rb8 19. Ng3 f6 20. exf6 Bxf6 21. Nh5 Bd4+
22. Be3 Bxe3+ 23. Qxe3 Qd6 24. Rf1 Bg6 25. Ng3 Rbe8 26. Rae1 Nd7 27. Rf2 b4 28.
axb4 Qxb4 29. c3 Qd6 30. d4 c5 31. Ref1 cxd4 32. Qxd4 Qb6 33. Qxa4 Nf6 34. f5
exf5 35. gxf5 Bf7 36. Qd4 Qxd4 37. cxd4 Rb8 38. Rd2 Rb4 39. Re1 Rfb8 40. Ree2
Rc4 41. Re3 Rcb4 42. Ree2 Kg8 43. Bf3 Kf8 44. Nf1 Bh5 45. Bxh5 Nxh5 46. Re5
Rxb2 47. Rxd5 Nf4 48. Re5 Rxd2 49. Nxd2 Rb2 50. Re4 Nh3+ 51. Kg2 Ng5 52. Re2
Nf7 53. Kf2 Nd6 54. Nf3 1/2-1/2

[Event "St Petersburg Korchnoi Memorial op"]
[Site "St Petersburg"]
[Date "2018.08.17"]
[Round "3"]
[White "Kamsky, Gata"]
[Black "Ioffe, Ilya"]
[Result "1-0"]
[WhiteElo "2675"]
[BlackElo "2267"]
[PlyCount "61"]
[EventDate "2018.08.15"]
[EventType "swiss"]
[EventRounds "9"]
[EventCountry "RUS"]
[SourceTitle "CBM 186 Extra"]
[Source "ChessBase"]
[SourceDate "2018.08.24"]
[SourceVersion "1"]
[SourceVersionDate "2018.08.24"]
[SourceQuality "1"]

1. e4 e5 2. Nf3 Nc6 3. Bb5 a6 4. Ba4 Nf6 5. O-O Be7 6. Re1 b5 7. Bb3 O-O 8. c3
d5 9. exd5 Nxd5 10. d4 exd4 11. cxd4 Be6 12. h3 Re8 13. Nbd2 Nf4 14. Ne4 Bxb3
15. axb3 Nd5 16. Bd2 Nf6 17. Bf4 Nxe4 18. Rxe4 Nb4 19. Qe2 Bd6 20. Bxd6 cxd6
21. Re1 Rxe4 22. Qxe4 h6 23. d5 a5 24. Nd4 Rb8 25. Re3 Qf6 26. Nf5 h5 27. Rf3
Qxb2 28. Ne7+ Kf8 29. Ng6+ Kg8 30. Rxf7 a4 31. Rf5 1-0

[Event "St Petersburg Korchnoi Memorial op"]
[Site "St Petersburg"]
[Date "2018.08.18"]
[Round "4"]
[White "Usmanov, Vasily"]
[Black "Kamsky, Gata"]
[Result "1/2-1/2"]
[WhiteElo "2483"]
[BlackElo "2675"]
[PlyCount "103"]
[EventDate "2018.08.15"]
[EventType "swiss"]
[EventRounds "9"]
[EventCountry "RUS"]
[SourceTitle "CBM 186 Extra"]
[Source "ChessBase"]
[SourceDate "2018.08.24"]
[SourceVersion "1"]
[SourceVersionDate "2018.08.24"]
[SourceQuality "1"]

1. d4 Nf6 2. c4 g6 3. g3 Bg7 4. Bg2 O-O 5. Nc3 d6 6. Nf3 c6 7. O-O Bg4 8. h3
Bxf3 9. Bxf3 Nbd7 10. b3 Re8 11. Qc2 e5 12. Be3 d5 13. cxd5 Nxd5 14. Nxd5 exd4
15. Rad1 dxe3 16. Nxe3 Rxe3 17. fxe3 Qe7 18. Kg2 Ne5 19. Rd2 h5 20. Qe4 Re8 21.
Rfd1 Bf6 22. Rd6 h4 23. Rxf6 Qxf6 24. Qxh4 Qxh4 25. gxh4 Nxf3 26. Kxf3 Re5 27.
e4 Ra5 28. Kf4 Rxa2 29. Rd7 b6 30. e5 Rxe2 31. Rxa7 Rf2+ 32. Kg4 Rf5 33. Ra8+
Kg7 34. Re8 c5 35. e6 fxe6 36. Rxe6 b5 37. Rb6 b4 38. Rc6 Rd5 39. Rc7+ Kh6 40.
Rc8 Rd4+ 41. Kg3 Rd3+ 42. Kg4 Rc3 43. Rc7 Rc1 44. Kf4 Rc2 45. Kg3 Rc3+ 46. Kg4
Rxb3 47. Rxc5 Rb1 48. Rb5 b3 49. Kg3 Kg7 50. Rb6 Kh6 51. Rb5 Kg7 52. Rb6
1/2-1/2

[Event "St Petersburg Korchnoi Memorial op"]
[Site "St Petersburg"]
[Date "2018.08.19"]
[Round "5"]
[White "Kamsky, Gata"]
[Black "Ovchinnikov, Vsevolod"]
[Result "1-0"]
[WhiteElo "2675"]
[BlackElo "2343"]
[PlyCount "107"]
[EventDate "2018.08.15"]
[EventType "swiss"]
[EventRounds "9"]
[EventCountry "RUS"]
[SourceTitle "CBM 186 Extra"]
[Source "ChessBase"]
[SourceDate "2018.08.24"]
[SourceVersion "1"]
[SourceVersionDate "2018.08.24"]
[SourceQuality "1"]

1. d4 Nf6 2. Bf4 g6 3. c3 b6 4. e3 Bb7 5. Nd2 Bg7 6. h4 d6 7. Ngf3 Nbd7 8. Bc4
e6 9. Qe2 h6 10. e4 e5 11. dxe5 Nh5 12. Be3 dxe5 13. Ba6 Bxa6 14. Qxa6 Qc8 15.
Qc4 Qb7 16. a4 a6 17. g4 Nhf6 18. Rg1 Ng8 19. h5 Ne7 20. Ke2 gxh5 21. gxh5 Bf6
22. Rg4 Qc6 23. Rag1 Qxc4+ 24. Nxc4 O-O-O 25. b4 Rdg8 26. Nh2 Rxg4 27. Nxg4 Bg7
28. a5 b5 29. Nd2 Kb7 30. Nb3 f5 31. Nc5+ Kc6 32. Rd1 Nxc5 33. Bxc5 Ng6 34.
exf5 Nf4+ 35. Kf3 Nxh5 36. Be7 Re8 37. Bh4 e4+ 38. Ke3 Rf8 39. Kxe4 Re8+ 40.
Kf3 Rf8 41. Ne3 Be5 42. Rh1 Bd6 43. Bg3 Nxg3 44. fxg3 Rf6 45. Rh4 Kd7 46. Rg4
c5 47. Rg7+ Ke8 48. g4 Bf8 49. Ra7 Rc6 50. Nd5 Bd6 51. Rh7 cxb4 52. cxb4 Rc1
53. Rxh6 Bf8 54. Rxa6 1-0

[Event "St Petersburg Korchnoi Memorial op"]
[Site "St Petersburg"]
[Date "2018.08.20"]
[Round "6"]
[White "Kamsky, Gata"]
[Black "Burmakin, Vladimir"]
[Result "1/2-1/2"]
[WhiteElo "2675"]
[BlackElo "2494"]
[PlyCount "94"]
[EventDate "2018.08.15"]
[EventType "swiss"]
[EventRounds "9"]
[EventCountry "RUS"]
[SourceTitle "CBM 186 Extra"]
[Source "ChessBase"]
[SourceDate "2018.08.24"]
[SourceVersion "1"]
[SourceVersionDate "2018.08.24"]
[SourceQuality "1"]

1. e4 d5 2. exd5 Qxd5 3. Nc3 Qd6 4. d4 Nf6 5. Nb5 Qd8 6. Bf4 Na6 7. Nf3 e6 8.
c3 Be7 9. a4 O-O 10. Be2 c6 11. Na3 Nc7 12. O-O Ncd5 13. Be5 a5 14. Qb3 b6 15.
Rad1 Ba6 16. c4 Nb4 17. Nc2 Nd7 18. Bf4 Nxc2 19. Qxc2 Re8 20. h3 Rc8 21. Bd3
Nf8 22. Rfe1 Bd6 23. Be5 f6 24. c5 Bxd3 25. Rxd3 Bb8 26. Bxb8 Rxb8 27. cxb6
Qxb6 28. b3 Red8 29. Rc3 Rd5 30. g3 Rc8 31. Rc1 h6 32. Kg2 Kf7 33. Rc4 Ng6 34.
Qc3 Ne7 35. b4 axb4 36. Rxb4 Qa7 37. Qb3 Rc7 38. Rb8 c5 39. dxc5 Rcxc5 40. Rxc5
Qxc5 41. Rb7 Qc6 42. Qb4 Qd6 43. Qxd6 Rxd6 44. a5 e5 45. Nh4 g6 46. Nxg6 Kxg6
47. Rxe7 Ra6 1/2-1/2

[Event "St Petersburg Korchnoi Memorial op"]
[Site "St Petersburg"]
[Date "2018.08.21"]
[Round "7"]
[White "Vokhidov, Shamsiddin"]
[Black "Kamsky, Gata"]
[Result "0-1"]
[WhiteElo "2412"]
[BlackElo "2675"]
[PlyCount "206"]
[EventDate "2018.08.15"]
[EventType "swiss"]
[EventRounds "9"]
[EventCountry "RUS"]
[SourceTitle "CBM 186 Extra"]
[Source "ChessBase"]
[SourceDate "2018.08.24"]
[SourceVersion "1"]
[SourceVersionDate "2018.08.24"]
[SourceQuality "1"]

1. d4 Nf6 2. c4 e6 3. Nc3 Bb4 4. e3 O-O 5. Bd3 c5 6. Nf3 b6 7. O-O Bb7 8. Na4
cxd4 9. exd4 Be7 10. Re1 d6 11. b4 Nbd7 12. a3 Re8 13. Bg5 Rc8 14. Nc3 a6 15.
Rc1 g6 16. h3 Rc7 17. Nd2 Qa8 18. Bf1 Rcc8 19. Qc2 Bf8 20. Qd3 Bg7 21. Rcd1 h6
22. Bf4 d5 23. c5 bxc5 24. bxc5 e5 25. Bxe5 Nxe5 26. Rxe5 Rxe5 27. dxe5 Nd7 28.
c6 Rxc6 29. Nf3 Rc5 30. Qe3 Qe8 31. Ne2 d4 32. Nexd4 Nxe5 33. Ne6 Nxf3+ 34.
gxf3 Re5 35. Rd8 Qxd8 36. Nxd8 Rxe3 37. fxe3 Bxf3 38. Bxa6 Bf6 39. Bb7 Bd1 40.
Nc6 Bb2 41. Nd4 Bxa3 42. Bf3 Ba4 43. Bc6 Bxc6 44. Nxc6 Kg7 45. Kf2 Kf6 46. Kf3
Bc5 47. e4 Bd6 48. Kg4 h5+ 49. Kf3 Bc7 50. Nb4 Ke5 51. Nc6+ Kd6 52. Nb4 Kc5 53.
Na6+ Kc6 54. Nb4+ Kb5 55. Nd5 Be5 56. Ne3 Kc5 57. Nd5 Kd4 58. Ne7 Bf6 59. Nd5
Bd8 60. Nf4 Bc7 61. Nd5 Bd6 62. Nb6 Kd3 63. Nd7 Kd4 64. Nb6 Bc5 65. Nd7 Be7 66.
Kf4 Bd8 67. Kf3 Bc7 68. Nf6 Ke5 69. Nd5 Bd6 70. Nb6 Kf6 71. Nc4 Bc7 72. Ne3 Kg5
73. Ng2 Be5 74. Ke3 Bb2 75. Ke2 Ba3 76. Kf2 Bc1 77. Kf3 Kf6 78. Ne1 Ba3 79. Nd3
Bd6 80. Nb2 Kg5 81. Nc4 Bc7 82. Nd2 Bb8 83. Nc4 Kh4 84. Kg2 Bf4 85. Nb6 g5 86.
Nd5 Be5 87. Ne7 g4 88. hxg4 Kxg4 89. Nc6 Bc7 90. Nb4 h4 91. Nd3 h3+ 92. Kh1 Bg3
93. Kg1 Kf3 94. e5 Ke2 95. Nb4 Bxe5 96. Nc6 Bc7 97. Nd4+ Kd3 98. Nf5 Bf4 99.
Kf2 Ke4 100. Ne7 Bg5 101. Nc8 Be3+ 102. Kg3 Bc5 103. Kxh3 f5 0-1

[Event "St Petersburg Korchnoi Memorial op"]
[Site "St Petersburg"]
[Date "2018.08.22"]
[Round "8"]
[White "Vavulin, Maksim"]
[Black "Kamsky, Gata"]
[Result "1/2-1/2"]
[WhiteElo "2545"]
[BlackElo "2675"]
[PlyCount "68"]
[EventDate "2018.08.15"]
[EventType "swiss"]
[EventRounds "9"]
[EventCountry "RUS"]
[SourceTitle "CBM 186 Extra"]
[Source "ChessBase"]
[SourceDate "2018.08.24"]
[SourceVersion "1"]
[SourceVersionDate "2018.08.24"]
[SourceQuality "1"]

1. e4 c6 2. d4 d5 3. Nc3 g6 4. e5 a5 5. h3 Na6 6. Be3 Nh6 7. f4 Nf5 8. Bf2 h5
9. g3 e6 10. Nf3 Bd7 11. Rg1 c5 12. Bxa6 cxd4 13. Bxb7 Rb8 14. Ba6 dxc3 15.
bxc3 Qc7 16. Qd3 h4 17. gxh4 Bc5 18. Nd4 Rb6 19. a4 Nxd4 20. cxd4 Bb4+ 21. Kf1
Rc6 22. Ra2 Rc3 23. Qe2 Rxh3 24. Kg2 R3xh4 25. Bxh4 Rxh4 26. Rf1 g5 27. Qe3
Rg4+ 28. Kh3 Rh4+ 29. Kg2 Rg4+ 30. Kh3 f5 31. exf6 Rh4+ 32. Kg2 Rg4+ 33. Kh3
Rh4+ 34. Kg2 Rg4+ 1/2-1/2